Sports Quiz

Random Sports or Year Quiz

NBA Teams by Finals Loss Quiz Stats

Quiz Updated Jun 8, 2018

Challenge
Share
Tweet
Embed
Score 0/30 Timer 05:00
96 Plays Today
% Correct
Cavaliers
81.7%
Warriors
80%
Lakers
76.2%
Heat
65.6%
Grizzlies
65.1%
Clippers
64.9%
Jazz
62.9%
76ers
62.5%
Raptors
61.8%
Celtics
61.7%
Pelicans
61.4%
Timberwolves
60.7%
Hornets
60.6%
Thunder
59.8%
Magic
56.7%
% Correct
Mavericks
55.6%
Nets
54.4%
Spurs
54.3%
Knicks
53.1%
Pistons
52.6%
Nuggets
52.4%
Bulls
51.5%
Kings
44.7%
Suns
44.4%
Pacers
44.3%
Trail Blazers
44.1%
Rockets
35.9%
Hawks
31.6%
Bucks
30.5%
Wizards
27.4%

You're not logged in!

Compare scores with friends on all Sporcle quizzes.
Join for Free
OR
Log In

You Might Also Like...

Show Comments

Extras

Top Quizzes Today


Score Distribution

Your Account Isn't Verified!

In order to create a playlist on Sporcle, you need to verify the email address you used during registration. Go to your Sporcle Settings to finish the process.

Report this User

Report this user for behavior that violates our Community Guidelines.

Details: